Radar simply explained. (Record no. 545705)
[ view plain ]
| 000 -LEADER | |
|---|---|
| fixed length control field | 00570cam a22001691 4500 |
| 082 ## - DEWEY DECIMAL CLASSIFICATION NUMBER | |
| Classification number | 621.3848 |
| Author Mark | HAL |
| -- | L-11 P-32, |
| 100 1# - MAIN ENTRY--PERSONAL NAME | |
| Personal name | Hallows, Ralph Watson, |
| 9 (RLIN) | 41656 |
| 245 10 - TITLE STATEMENT | |
| Title | Radar simply explained. |
| Statement of responsibility, etc. | With a foreword by Sir F. A. Pile. |
| 250 ## - EDITION STATEMENT | |
| Edition statement | 2d ed., rev. and enl. |
| 260 ## - PUBLICATION, DISTRIBUTION, ETC. | |
| Place of publication, distribution, etc. | London, |
| Name of publisher, distributor, etc. | Chapman & Hall, |
| Date of publication, distribution, etc. | 1950. |
| 300 ## - PHYSICAL DESCRIPTION | |
| Extent | 190 p. |
| Other physical details | illus. |
| Dimensions | 19 cm. |
| 500 ## - GENERAL NOTE | |
| General note | First ed. published in 1946 under title: Radar; radiolocation simply explained. |
| 526 ## - STUDY PROGRAM INFORMATION NOTE | |
| Program name | 0 |
| Interest level | 0 |
| Reading level | 0 |
| Title point value | 621_384800000000000_HAL |
| 650 #0 - SUBJECT ADDED ENTRY--TOPICAL TERM | |
| Topical term or geographic name entry element | MCE |
| 9 (RLIN) | 379 |
| 650 #0 - SUBJECT ADDED ENTRY--TOPICAL TERM | |
| Topical term or geographic name entry element | Radar. |
| 9 (RLIN) | 28728 |
| 942 ## - ADDED ENTRY ELEMENTS (KOHA) | |
| Source of classification or shelving scheme | |
| Koha item type | Book |
| Withdrawn status | Lost status | Source of classification or shelving scheme | Damaged status | Not for loan | Permanent Location | Current Location | Date acquired | Total Checkouts | Full call number | Barcode | Date last seen | Date last checked out | Price effective from | Koha item type |
|---|---|---|---|---|---|---|---|---|---|---|---|---|---|---|
| Military College of Engineering (MCE) | Military College of Engineering (MCE) | 05/28/2014 | 1 | 621.3848 HAL | MCE-40296 | 06/12/2014 | 05/28/2014 | 05/28/2014 | Book |
